MDQL
is popping MORE tags! Check the
thread
!
Quizzes
Events
Quiz Creation
Community
Videos
Private Events
Remove Ads
Sign In
Join for FREE
Feedback
Dark Mode
Quiz Categories
Sports
Geography
Music
Movies
Television
Just For Fun
Miscellaneous
History
Literature
Language
Science
Gaming
Entertainment
Religion
Holiday
For Kids
Quiz Lab
Recent
Popular Today
Quiz Kudos Today
Editor Picks
Curator Picks
Quizzes by...
Day
Popularity
Type
Ratings
Length
Year
Community
Subscriptions
Recent Discussions
Orange Saloon
Badges
Playlists
Quests
Create
Leaderboards
Showdown
Live 5
Trivia Bingo
Activity
Puzzle Library
Sporcle Events
Private Events
Virtual Trivia
Globe League
Become a Host
Pub Owners
SporcleCon
Opinionation
Our Games
Videos
Blog
Mobile Apps
Partnerships
Remove Ads and Go Orange
Feedback
Religion
Mythology
Religious Music
World Religions
Bible
Christianity
Catholicism
Judaism
Church
Scripture
Islam
Verse
Religion
Mythology
Religious Music
World Religions
Bible
Christianity
Catholicism
Judaism
Church
Scripture
Islam
Verse
Random Quiz
Search Sporcle
×
Quiz Lab
Quiz Lab
Religion
guide
Type in answers that appear in a list
Type in answers that appear in a list
Classic
Best Score? Go Orange.
Theology Study Guide 2 Stats
Can you name the Theology Study Guide: Trinity, Church, Sacraments?
By
madelinexclair
10m
21 Questions
17 Plays
17 Plays
17 Plays
Comments
Comments
Give Quiz Kudos
Give Quiz Kudos
-
- Ratings
hide this ad
Random Order
Randomize order of answers
Randomize order of answers
Replay
Link that replays current quiz
Next Quiz
Link to next quiz in quiz playlist
You Got
0%
They Got
Avg Score
10%
Avg Friend Score
Upgrade to see
Score Distribution
Jump to the score distribution portion of the page
Score
0/21
Timer
10:00
0
Plays Today
% Correct
An assembly that continues to gather for the purpose of worshiping God
94.1%
One body, spirit, hope, Lord, faith, Baptism, one God
94.1%
Oil: spiritually marked as belonging to Christ. John 20:22 holy spirit fills the disciples, they are claimed as belonging to Christ. Seals and completes the gifts of the Holy Spirit
11.8%
One, Holy, catholic, apostolic
5.9%
Bread and wine, signifies Christ's real presence
5.9%
Incorporeal, immaterial, indivisible, simple in being, wholly present everywhere, unchanging, perfect and lacks nothing, singular
0%
understanding, wisdom, wonder of God, temperance, fortitude, counsel, knowledge
0%
One nature, three persons. Each wholly themselves and distinct. All three are God. Not three Gods, but one.
0%
God is trinity, three persons of one nature.
0%
One source of divinity, but all wholly possess it.
0%
Father: unreceived, totality of divinity. Son: begotten, received totality of divinity. Holy Spirit: proceeded, received totality of divinity
0%
% Correct
Instrument for making God's salvation known through the world
0%
External sign of internal reality instituted by Christ to give grace, celebrated as part of symbolic ritual.
0%
Signs and practices that assist the believer in devotion and prayer [ex. rosaries, palm leaves, etc.]
0%
7: sequential developments bc of previous sacraments lacking what humanity needed to take care of sin
0%
Baptism, confirmation, Eucharist, reconciliation, anointing of the sick, matrimony, Holy Orders
0%
Sign of faith, Mark 28:19 Disciples to be baptized, one becomes child of God, washed away sin and initiates into community
0%
Bread & Wine is new covenant in Jesus' body and blood. Mark 14: Christ tell disciples to eat body, drink blood. Makes Christ present and brings people together
0%
Initiation: Baptism, Eucharist, confirmation. Healing: Reconciliation, Anointing of the Sick. Vocation: Matrimony, Holy Orders
0%
Sign of faith, signifies forgiveness of sins and transformation to new life.
0%
Oil, signifies the anointing by the Holy Spirit and renewal of Baptismal vows.
0%
Quiz Playlist
Details
Report
Send in Message
Add To Playlist
Classic:
Type in answers that appear in a list
Random Order:
Randomize order of answers
Last Updated: Feb 16, 2017
Quiz Scoreboard
CHALLENGE
Sign Up to Join the Scoreboard
Show All
Scores
Hide
Comments
May contain spoilers
Recently Published
Street Fighter Characters
by Artimus82
Gaming
60s
9x9 Crossword: Cartoon Network
by jackfrog10
Miscellaneous
3m
College Basketball Coaching Resumes
by pancakes188
Sports
9m
More to Explore
Quiz From the Vault
Featured Blog Post
Where Did the Easter Bunny Come From?
hide this ad
You Might Also Like...
Tags
guide
Study
Theology
Today's Top Quizzes in Religion
Browse Religion
hide this ad
Today's Top Quizzes in guide
Browse guide
Top Contributed Quizzes in Religion
1
5-to-1: Children of Gods
2
5-to-1: European Churches
3
One Thing in Common: Mythology
4
One Thing in Common: Mythology II
5
Mythological Creature Bunker
6
Prime Time: Religion
7
10 to 1: Islam
8
One Thing in Common: Religion
9
Murdered Mythical Monsters
10
One Thing in Common: Religion and Mythology
Explore More
Trending Topics
Anime
Crossword
Kpop
Disney
NBA
Marvel
Harry Potter
WWE
Soccer
Pokémon
Puzzle
Country
NFL
The Office
Song
hide this ad
More By:
madelinexclair
Quiz
Plays
Rating
Category
Featured
Created
Parts of a house in Spanish.
273
1.67
Language
Sep 27, 2009
furniture and appliances in spanish
228
2.00
Language
Sep 27, 2009
Theology Study Guide 1
42
1.00
Religion
May 4, 2010
Theology Study Guide 2
17
2.00
Religion
May 4, 2010
Go to Creator's Profile
Score Distribution
Quiz Creator Spotlight
madelinexclair
Follow
Send a Message
Quizzes Created
-
Created Quiz Play Count
-
More By This Creator
Popular Quizzes Today
1
Find the US States - No Outlines Minefield
2
Find the Countries of Europe - No Outlines Minefield
3
The Countries of the World
4
Find the US States
5
Risky Map Clicking: Biggest States A-Z
6
US States
7
Popular People in 1961
8
Movies - When Are They Set?
More Religion Quizzes
Begins and Ends Switcheroo: Bible Books
Curator's Pick
Trending Quizzes
Risky Map Clicking: Least Populous States A-Z
Countries of the World: 200 Million BC
1-10 Letter G Words
Risky Map Clicking: Next State Alphabetically
Adjectives in 80s TV Shows
Recently Updated
Leaping Animals
pecheneg
Reality TV Shows (A-Z)
bhenderson79
Rickey Henderson's Hall of Fame Teammates
pecheneg
Champions League XIs: Arsenal
pecheneg
Quick Pick: Celebrities in WWE's Hall of Fame
aduchscher
A-Z Keypad Blitz II
pecheneg
Multiple Oscar Actors
pecheneg
Mystery Phrase Blitz: Oscar 'Best Actors'
pecheneg
F. Scott Fitzgerald Novels
LTH
Pick 3 Villains
ddd62291
Trending Topics
Crossword
Kpop
Disney
Anime
NBA
Marvel
Harry Potter
Song
Soccer
WWE
Country
Pokémon
The Office
NFL
Puzzle
Your Account Isn't Verified!
In order to create a playlist on Sporcle, you need to verify the email address you used during registration. Go to your
Sporcle Settings
to finish the process.
Report this User
Report this user for behavior that violates our
Community Guidelines
.
Details:
Send Report
Go to the Sporcle.com Mobile Site →
Comments